000 00376nam a2200145Ia 4500
008 240729s9999 xx 000 0 und d
022 _a1687-9635
245 0 _aCase Reports in Medicine
260 _aUnited Kingdom
260 _bHindawi Limited
650 _aMedicine
856 _uhttps://doaj.org/toc/aa2d279283674d548f625bb86b1d89e7
942 _2ddc
942 _cDOAJEJ
999 _c71668
_d71668
945 _a1
_bMadushi Gamage
_c1
_dMadushi Gamage